000 00640nam a2200181Ia 4500
005 20250423100319.0
008 250422s9999 xx 000 0 und d
020 _a9780194770521
050 _aPE 1128 .L59/
100 _aLiz
245 0 _aNew headway : elementary workbook with key
250 _a4th ed.
260 _aNew York
260 _bOxford University Press
260 _c2011
650 _a English language--Textbooks for foreign speakers. English language--United States--Problems, exercises, etc. English language--Grammar--Problems, exercises, etc. Vocabulary--Problems, exercises, etc.
942 _cBK
999 _c32926
_d32926